AH International Schools' Libraries

My first math book / (Record no. 49751)

MARC details
000 -LEADER
fixed length control field 00912nam a2200193 4500
020 ## - INTERNATIONAL STANDARD BOOK NUMBER
International Standard Book Number 9780751351293
082 ## - DEWEY DECIMAL CLASSIFICATION NUMBER
Classification number 513
Edition number 20
100 1# - MAIN ENTRY--PERSONAL NAME
Personal name Clemson, David.
Relator term author.
9 (RLIN) 86875
245 10 - TITLE STATEMENT
Title My first math book /
Statement of responsibility, etc David & Wendy Clemson.
260 ## - PUBLICATION, DISTRIBUTION, ETC. (IMPRINT)
Place of publication, distribution, etc New York :
Name of publisher, distributor, etc DK,
Date of publication, distribution, etc 1994.
300 ## - PHYSICAL DESCRIPTION
Extent 45 p. :
Other physical details coll. ill. ;
Dimensions 34 cm.
500 ## - GENERAL NOTE
General note Using games and puzzles, this book is designed to help children improve their number skills. Mathematical skills and concepts such as addition, subtraction, multiplication, shapes, volume, and weight are explained.
520 ## - SUMMARY, ETC.
Summary, etc A book of number puzzles which encourage young readers to develop math skills by calculating figures, weighing and measuring objects, or comparing shapes.
650 ## - SUBJECT ADDED ENTRY--TOPICAL TERM
Topical term or geographic name as entry element Mathematics
Form subdivision Juvenile literature.
9 (RLIN) 62364
650 ## - SUBJECT ADDED ENTRY--TOPICAL TERM
Topical term or geographic name as entry element Mathematics.
9 (RLIN) 34241
650 ## - SUBJECT ADDED ENTRY--TOPICAL TERM
Topical term or geographic name as entry element Mathematical recreations.
9 (RLIN) 15379
700 1# - ADDED ENTRY--PERSONAL NAME
Personal name Clemson, Wendy.
9 (RLIN) 86876
942 ## - ADDED ENTRY ELEMENTS (KOHA)
Source of classification or shelving scheme
Koha item type Book
Holdings
Withdrawn status Lost status Source of classification or shelving scheme Damaged status Not for loan Home library Current library Date acquired Total Checkouts Full call number Barcode Date last seen Price effective from Koha item type
          Logos International School Logos International School 11/13/2025   J 513 CLE 041953 11/17/2025 11/13/2025 Book

For any Logos Library related questions please contact Miss Art at swongnarasuk@asianhope.org.

For any Asian Hope Library related questions please contact Miss Raza at graza@asianhope.org.

Powered by Koha